| 000 | 00594nam a22001937a 4500 | ||
|---|---|---|---|
| 007 | 00 | ||
| 008 | 160620b xxu||||| |||| 00| 0 eng d | ||
| 020 | _a2-7462-1087-8 | ||
| 040 |
_aBUAC _cBUC |
||
| 041 | _aFre. | ||
| 100 | _aLecoy, Pierre | ||
| 245 |
_aPrincipes et technologies des télécoms _c/ Pierre Lecoy |
||
| 260 |
_aParis : _bLavoisier, _c2005 |
||
| 300 |
_a447 p. _c24 cm. _bcouv. en coul. ; |
||
| 521 | _aBibliogr. pp. (425 - 428) ; Lexique : pp. (429 - 440); Index : pp. (441- 447) | ||
| 630 | _aSCIENCES APPLIQUEES | ||
| 650 | _2Télécommunication : principe | ||
| 942 | _cLBA | ||
| 999 |
_c54628 _d54628 |
||